01180nam a2200157 a 4500008004100000020001500041041000800056100002200064245007000086250001100156260004000167300001100207500011100218505067800329655001501007180205e2000 ag ||||g |||| 00| 0 spa d a9879332040 aspa 1aMariscal, Enrique aCuentos para regalar.bA personas inteligentes/cEnrique Mariscal a6a ed. aBuenos Aires:bSerendipidad;c2000. a174 p. aMariscal, E. (2000). Cuentos para regalar. A personas inteligentes. (6a ed.). Buenos Aires : Serendipidad. aUn cuento es algo serio, para reír y pensar. Un lenguaje breve y magnético, oportunidad para el diálogo, la complicidad, la entrega y la confianza, tarea de amigos. No para entretener, ni para pasar el rato. Tampoco para matar el aburrimiento. Gracia para pensar libremente, escenario provocante y creativo, metafórico y autoirónico. Cuando los grandes maestros querían superar todo encierro intelectual porque sentían las limitaciones de la definición, recurrían a la parábola, a la fabula, al mito o al sueño. Relatos comprometidos con una búsqueda espiritual, son para crear, señores del cambio, dignos de ser regalado: acompañan e inspiran.  aLiteratura